[Event "Krakow op"]
[Site "Krakow"]
[Date "2006.05.06"]
[Round "8"]
[White "Damian, Stanislaw"]
[Black "Klykow, Lukasz"]
[Result "0-1"]
[WhiteElo "1982"]
[BlackElo "2189"]
[PlyCount "111"]
[EventDate "2006.04.27"]
[EventType "swiss"]
[EventRounds "9"]
[EventCountry "POL"]
[SourceTitle "CBM 112 Extra"]
[Source "ChessBase"]
[SourceDate "2006.07.14"]
[SourceVersion "1"]
[SourceVersionDate "2006.07.14"]
[SourceQuality "1"]

1. e4 e5 2. Nf3 Nc6 3. Bb5 a6 4. Ba4 Nf6 5. d3 b5 6. Bb3 d6 7. Ng5 d5 8. exd5 Nd4 9. c4 Bc5 10. Nc3 Bg4 11. f3 Bf5 12. Ne2 Nxb3 13. axb3 c6 14. Ne4 Bb4+ 15. Bd2 Bxd2+ 16. Qxd2 cxd5 17. Nxf6+ Qxf6 18. cxb5 0-0 19. bxa6 Qb6 20. Nc1 e4 21. fxe4 dxe4 22. Qf2 Qb4+ 23. Qd2 Qb6 24. Qf2 Qb4+ 25. Kf1 Bg6 26. dxe4 Rfd8 27. Qe1 Qb5+ 28. Kf2 Rd6 29. h3 Qc5+ 30. Qe3 Rf6+ 31. Ke2 Qc2+ 32. Ke1 Bxe4 33. Qd2 Qc7 34. Ne2 Bxg2 35. Rg1 Bf3 36. Qg5 Rg6 37. Qe3 Rxg1+ 38. Nxg1 Qg3+ 39. Qf2 Qe5+ 40. Kf1 Qb5+ 41. Ne2 Qxb3 42. Nd4 Qc4+ 43. Kg1 Be4 44. a7 Rd8 45. Nf5 Ba8 46. Re1 h5 47. Qb6 Qd3 48. Ne7+ Kh7 49. Qe3 Qc2 50. Qe2 Qc5+ 51. Qf2 Qg5+ 52. Kh2 Rd2 53. Re2 Rxe2 54. Qxe2 Qf4+ 55. Kg1 Qg3+ 56. Kf1 0-1